Catálogo

ANTOLOGIA DE LA POESIA MODERNA Y CONTEMPORANEA EN LENGUA : (Registro nro. 33876)

Detalles MARC
000 -LEADER
fixed length control field 00533nam a2200193 a 4500
001 - CONTROL NUMBER
control field 33876
005 - DATE AND TIME OF LATEST TRANSACTION
control field 20180714001908.0
008 - FIXED-LENGTH DATA ELEMENTS--GENERAL INFORMATION
fixed length control field 140415s1980 mx 000 0 spa d
020 ## - INTERNATIONAL STANDARD BOOK NUMBER
International Standard Book Number 9685827516
041 ## - LANGUAGE CODE
Language code of text/sound track or separate title spa
082 ## - DEWEY DECIMAL CLASSIFICATION NUMBER
Classification number 808.81
Item number CEN
100 1# - MAIN ENTRY--PERSONAL NAME
Personal name CENTRO DE ESTUDIOS LITERARIOS
245 10 - TITLE STATEMENT
Title ANTOLOGIA DE LA POESIA MODERNA Y CONTEMPORANEA EN LENGUA :
Remainder of title ESPAÑOLA
250 ## - EDITION STATEMENT
Edition statement 2a ed.
260 ## - PUBLICATION, DISTRIBUTION, ETC.
Place of publication, distribution, etc. MEXICO :
Name of publisher, distributor, etc. UNAM,
Date of publication, distribution, etc. 1980
300 ## - PHYSICAL DESCRIPTION
Extent 267
490 ## - SERIES STATEMENT
Series statement LECTURAS UNIVERSITARIAS
Volume/sequential designation 2
650 14 - SUBJECT ADDED ENTRY--TOPICAL TERM
Topical term or geographic name entry element ANTOLOGIA
Existencias
Withdrawn status Lost status Source of classification or shelving scheme Damaged status Not for loan Collection code Home library Current library Shelving location Date acquired Source of acquisition Inventory number Total Checkouts Full call number Barcode Date last seen Price effective from Koha item type
    Dewey Decimal Classification     General Biblioteca Karol Wojtyla Biblioteca Karol Wojtyla Sala general 03/12/2013 Compra 151000000000000000032103   808.81 CEN 51425 05/01/2026 03/12/2013 Libro